01643nam a2200445 i 450000100060000000300080000600500170001400600190003100700150005000800410006502000180010602000270012403500230015103500240017403500250019803500220022304000310024505000240027608000080030008200170030810000200032524500710034526400430041630000580045933600310051733700330054833800430058149000340062450400290065858801260068759001640081365000270097765000160100465000170102065500270103779700190106483000350108385600620111899900170118079856FlNmELB20241217151715.0m o d | cr cnu||||||||181009s2017 sp a ob 000 0 spa d z9788494708213 a9781512949230 (e-book) a(MiAaPQ)EBC5308193 a(Au-PeEL)EBL5308193 a(CaPaEBR)ebr11517008 a(OCoLC)1105860558 aFINmELBbspaerdacFINmELB 4aGN799.R4bC552 2017 a2120 a200.90122231 aChoza, Jacinto.13aLa moral originaria :bla religión neolítica /cJacinto Choza. 1aSevilla :bEditorial Thémata,c2017. a1 recurso en línea (335 páginas) :bilustraciones atextobtxt2rdacontent/spa acomputadorabc2rdamedia/spa arecurso en líneabcr2rdacarrier/spa1 aSabiduría y religiones ;v3 aContiene bibliografía. aDescripción basada en recurso en línea; Título de la página del título en PDF (e-libro, visto October 9, 2018). aRecurso electrónico. Santa Fe, Arg.: e-libro, 2018. Disponible vía World Wide Web. El acceso puede estar limitado para las bibliotecas afiliadas a e-libro. 0aReligion, Prehistoric. 4aReligión. 4aPrehistoria. 4aLibros electrónicos.2 ae-libro, Corp. 0aSabiduría y religiones ;v3.40uhttps://elibro.net/ereader/politecnicointernacional/59994 c79856d79856